000 00663nam a22002057a 4500
005 20260608163547.0
010 _aENG-148788
020 _a9789387865518
_c400.00
035 _aEN-132320
037 _bDBAD
082 _a330
_21
245 _aIndian Economy:
_bContemporary Issues and Comparative Analysis/
_cEdited By Mani K P [and] Chacko Jose P
250 _a1
260 _aChennai
_bForschung Publications
_c2021
270 _aMogappair
_bChennai
_k9626166683
_mforchungpublications@gmail.com
300 _a203p.
_c29cm(pb)
700 _aMani K P
_eEditor
_989327
700 _aChacko Jose P
_eEditor
_989328
942 _2ddc
_cEN
_h330
_mIND
999 _c216533
_d216533